Vấn đề triết học trong tác phẩm của C. Mác - Ph. Ăngghen - V.I. Lênin
Một số chỉ dẫn về phương pháp phân tích các tác phẩm kinh điển của triết học Mác-Lênin. Phân tích một số tác phẩm tiêu biểu củaC.Mác, Ph.Ăngghen và V.I.Lênin
保存先:
| 第一著者: | |
|---|---|
| フォーマット: | 図書 |
| 言語: | Undetermined |
| 出版事項: |
Hà Nội
Chính trị Quốc gia
2008
|
| 主題: | |
| タグ: |
タグ追加
タグなし, このレコードへの初めてのタグを付けませんか!
|
| Thư viện lưu trữ: | Trung tâm Học liệu Trường Đại học Cần Thơ |
|---|
| LEADER | 00954nam a2200205Ia 4500 | ||
|---|---|---|---|
| 001 | CTU_148359 | ||
| 008 | 210402s9999 xx 000 0 und d | ||
| 020 | |c 91000 | ||
| 082 | |a 335.411 | ||
| 082 | |b Ch312 | ||
| 100 | |a Doãn, Chính | ||
| 245 | 0 | |a Vấn đề triết học trong tác phẩm của C. Mác - Ph. Ăngghen - V.I. Lênin | |
| 245 | 0 | |c Doãn Chính, Đinh Ngọc Thạch (Đồng chủ biên); Lê Trọng Ân ... [et al.] | |
| 260 | |a Hà Nội | ||
| 260 | |b Chính trị Quốc gia | ||
| 260 | |c 2008 | ||
| 520 | |a Một số chỉ dẫn về phương pháp phân tích các tác phẩm kinh điển của triết học Mác-Lênin. Phân tích một số tác phẩm tiêu biểu củaC.Mác, Ph.Ăngghen và V.I.Lênin | ||
| 650 | |a Philosophy, marxist,Chủ nghĩa Mác Lênin | ||
| 904 | |i Nguyên | ||
| 980 | |a Trung tâm Học liệu Trường Đại học Cần Thơ | ||